Intesifikacija i effektivnost' proizvodstva

Salvato in:
Dettagli Bibliografici
Autore principale: Jackevič, Vasilij Petrovič
Natura: Libro
Lingua:russo
Pubblicazione: Minsk Belarus' 1981
Tags: Aggiungi Tag
Nessun Tag, puoi essere il primo ad aggiungerne!!

MARC

LEADER 00000nam a2200000 4500
001 c140775
005 20041019155320.0
041 0 |a rus 
044 |a BY 
245 1 0 |a Intesifikacija i effektivnost' proizvodstva  |c Vasilij Petrovič Jackevič 
264 1 |a Minsk  |b Belarus'  |c 1981 
300 |a 158 s. 
100 1 |a Jackevič, Vasilij Petrovič